Report of the Port B States (Special Assistance) Enquiry Committee (Record no. 489540)

000 -LEADER
fixed length control field 00452cam a22001337a 4500
008 - FIXED-LENGTH DATA ELEMENTS--GENERAL INFORMATION
fixed length control field 180718b1962 xxu||||| |||| 00| 0 eng d
082 ## - DEWEY DECIMAL CLASSIFICATION NUMBER
Classification number L69x54 In2p
100 ## - MAIN ENTRY--PERSONAL NAME
Personal name India. Port B States (Special Assistance) Enquiry Committee
245 ## - TITLE STATEMENT
Title Report of the Port B States (Special Assistance) Enquiry Committee
260 ## - PUBLICATION, DISTRIBUTION, ETC.
Place of publication, distribution, etc. Delhi
Name of publisher, distributor, etc. The Manager of Publications
Date of publication, distribution, etc. 1962
300 ## - PHYSICAL DESCRIPTION
Extent 61+p.
500 ## - GENERAL NOTE
General note Chairman: N.V. Gadgil
700 ## - ADDED ENTRY--PERSONAL NAME
Personal name Godgil, N.V., Chairman
Holdings
Withdrawn status Lost status Damaged status Not for loan Permanent Location Current Location Date acquired Full call number Barcode Date last seen Price effective from Koha item type
        Indian Institute of Public Administration Indian Institute of Public Administration 2018-08-04 L69x54 In2p GR2419 2018-08-04 2018-08-04 GR
        Indian Institute of Public Administration Indian Institute of Public Administration 2018-08-04 L69x54 In2p GG5715 2018-08-04 2018-08-04 GG

Powered by Koha